000 00824cam a2200253 4500
001 21121
005 20230410102147.0
008 060907s1982 dr spa
035 _9funglode21277
035 _a(DLC) 82225446
010 _a82225446
050 1 4 _a118 PQ 7409
_bF363c 1982
082 0 0 _aRD863.44
100 2 _aFernández Olmos, Margarite.
245 1 3 _aLa cuentística de Juan Bosch :
_bun análisis estético-cultural /
_cpor Margarita Olmos.
250 _a1a ed.
260 _aSanto Domingo, República Dominicana :
_bEditora Alfa & Omega,
_c1982.
300 _a182 p. ;
_c21 cm.
504 _aBibliography: p. 175-182.
600 1 0 _aBosch, Juan,
_d1909-2001
_xCriticism and interpretation.
600 1 4 _aBosch, Juan*1909-2001-Crítica e interpretación
650 4 _a20150900
942 _2lcc
_cbk
999 _c20239
_d20239